书目信息 |
| 题名: |
荷兰
|
|
| 作者: | 曾征 编著 | |
| 分册: | ||
| 出版信息: | 北京 中国建筑工业出版社 2018.04 |
|
| 页数: | 369页 | |
| 开本: | 20cm | |
| 丛书名: | 世界建筑旅行地图 | |
| 单 册: | ||
| 中图分类: | TU-865.63 , TU-86 | |
| 科图分类: | ||
| 主题词: | 建筑艺术--jian zhu yi shu--介绍--荷兰 | |
| 电子资源: | ||
| ISBN: | 978-7-112-20241-6 | |
| 000 | 01026nam 2200313 450 | |
| 001 | 2258608679 | |
| 005 | 20220916161726.33 | |
| 010 | @a978-7-112-20241-6@dCNY78.00 | |
| 092 | @aCN@b人天831-3991 | |
| 100 | @a20180530d2018 em y0chiy50 ea | |
| 101 | 0 | @achi@aeng |
| 102 | @aCN@b110000 | |
| 105 | @aab z 001yy | |
| 200 | 1 | @a荷兰@Ahe lan@d= Netherlands@f曾征编著@zeng |
| 210 | @a北京@c中国建筑工业出版社@d2018.04 | |
| 215 | @a369页@c彩图, 地图@d20cm | |
| 225 | 2 | @a世界建筑旅行地图@Ashi jie jian zhu lu^ hang di tu |
| 320 | @a有索引 | |
| 330 | @a本书主要介绍了格罗宁根、吕伐登、阿森、埃门、兹沃勒、代芬特尔、恩斯赫德、阿尔默洛、泽沃德、阿尔梅勒、莱利斯塔德、阿珀尔多伦等旅游圣地。 | |
| 410 | 0 | @12001 @a世界建筑旅行地图 |
| 510 | 1 | @aNetherlands@zeng |
| 606 | 0 | @a建筑艺术@Ajian zhu yi shu@x介绍@y荷兰 |
| 690 | @aTU-865.63@v5 | |
| 690 | @aTU-86@v4 | |
| 701 | 0 | @a曾征@Azeng zheng@4编著 |
| 801 | 0 | @aCN@b人天书店@c20180530 |
| 901 | @a中国建筑工业出版社 | |
| 905 | @aZUCC@dTU-86@e4 | |
| 997 | @a期货 | |
| 荷兰= Netherlands/曾征编著.-北京:中国建筑工业出版社,2018.04 |
| 369页:彩图, 地图;20cm.-(世界建筑旅行地图) |
| ISBN 978-7-112-20241-6:CNY78.00 |
| 本书主要介绍了格罗宁根、吕伐登、阿森、埃门、兹沃勒、代芬特尔、恩斯赫德、阿尔默洛、泽沃德、阿尔梅勒、莱利斯塔德、阿珀尔多伦等旅游圣地。 |
| ● |
| 相关链接 |
|
|
|
正题名:荷兰
索取号:TU-86/4
 
预约/预借
| 序号 | 登录号 | 条形码 | 馆藏地/架位号 | 状态 | 备注 |
| 1 | 2000894552 | 2000894552 | 第三书库/ [索取号:TU-86/4] | 在馆 | |
| 2 | 2000894553 | 2000894553 | 第三书库/ [索取号:TU-86/4] | 在馆 | |
| 3 | 2000894554 | 2000894554 | 第三书库/ [索取号:TU-86/4] | 在馆 |